[Event "Olympiad Women-41"]
[Site "Tromsoe"]
[Date "2014.08.08"]
[Round "6.1"]
[White "Dimitrijevic, Aleksandra"]
[Black "Dahdal, Lougain"]
[Result "1-0"]
[WhiteElo "2293"]
[BlackElo "1973"]
[PlyCount "39"]
[EventDate "2014.08.02"]
[EventType "team-swiss"]
[EventRounds "11"]
[EventCountry "NOR"]
[SourceTitle "CBM 162"]
[Source "ChessBase"]
[SourceDate "2014.09.17"]
[SourceVersion "1"]
[SourceVersionDate "2014.09.17"]
[SourceQuality "1"]
[WhiteTeam "Bosnia&Hercegovina (W)"]
[BlackTeam "Jordan (W)"]
[WhiteTeamCountry "BIH"]
[BlackTeamCountry "JOR"]

1. e4 c5 2. c3 e6 3. Nf3 Nc6 4. Bd3 Be7 5. 0-0 Nf6 6. e5 Nd5 7. Na3 d6 8. Nc4 Nf4 9. Bb1 d5 10. d4 dxc4 11. Bxf4 cxd4 12. cxd4 b5 13. a4 b4 14. Be4 Qc7 15. d5 exd5 16. Qxd5 Bb7 17. Qxc4 0-0 18. Nd4 Rac8 19. Bxc6 Bxc6 20. Rac1 1-0

[Event "Olympiad Women-41"]
[Site "Tromsoe"]
[Date "2014.08.02"]
[Round "1.1"]
[White "Lagno, Kateryna"]
[Black "Dahdal, Lougain"]
[Result "1-0"]
[WhiteElo "2540"]
[BlackElo "1973"]
[PlyCount "69"]
[EventDate "2014.08.02"]
[EventType "team-swiss"]
[EventRounds "11"]
[EventCountry "NOR"]
[SourceTitle "CBM 162"]
[Source "ChessBase"]
[SourceDate "2014.09.17"]
[SourceVersion "1"]
[SourceVersionDate "2014.09.17"]
[SourceQuality "1"]
[WhiteTeam "Russia (W)"]
[BlackTeam "Jordan (W)"]
[WhiteTeamCountry "RUS"]
[BlackTeamCountry "JOR"]

1. e4 c5 2. Nf3 e6 3. d4 cxd4 4. Nxd4 Nc6 5. Nc3 Qb6 6. Nb3 Bb4 7. Qg4 g6 8. Bd2 Nge7 9. a3 Bd6 10. Be3 Qd8 11. f4 f5 12. Qf3 fxe4 13. Nxe4 Bc7 14. Nf6+ Kf7 15. Ng4 Rf8 16. Bd2 Nd5 17. 0-0-0 a6 18. Bc4 Nce7 19. Nc5 d6 20. Ne4 b5 21. Ng5+ Kg7 22. Bxd5 Nxd5 23. Qxd5 exd5 24. Bc3+ Rf6 25. Bxf6+ Qxf6 26. Nxf6 Kxf6 27. Nxh7+ Kg7 28. Ng5 Bf5 29. Rhe1 Kf6 30. Rxd5 Rc8 31. c3 Bb8 32. h3 Rc4 33. Re8 Rxf4 34. Rxb8 Kxg5 35. g4 1-0

[Event "Asian Continental op (Women) 13th"]
[Site "Sharjah"]
[Date "2014.04.21"]
[Round "5"]
[White "Dahdal, Lougain"]
[Black "Anu, Bayar"]
[Result "0-1"]
[WhiteElo "2003"]
[BlackElo "2002"]
[PlyCount "90"]
[EventDate "2014.04.17"]
[EventType "swiss"]
[EventRounds "9"]
[EventCountry "UAE"]
[SourceTitle "CBM 160 Extra"]
[Source "ChessBase"]
[SourceDate "2014.07.01"]
[SourceVersion "1"]
[SourceVersionDate "2014.07.01"]
[SourceQuality "1"]

1. d4 Nf6 2. c4 c5 3. d5 e6 4. Nc3 exd5 5. cxd5 d6 6. e4 g6 7. Bd3 Bg7 8. h3 0-0 9. Nge2 a6 10. a4 Nbd7 11. 0-0 Rb8 12. a5 Qc7 13. Ng3 c4 14. Bc2 b5 15. axb6 Nxb6 16. Rb1 Nfd7 17. f4 Nc5 18. f5 Nbd7 19. Bg5 h6 20. Bh4 Ne5 21. fxg6 fxg6 22. Rxf8+ Bxf8 23. Nge2 Ncd3 24. b3 Bd7 25. bxc4 Rxb1 26. Bxb1 Qxc4 27. Bg3 a5 28. Bxe5 Nxe5 29. Qd4 Bg7 30. Qxc4 Nxc4 31. Bc2 Nb2 32. Bb3 a4 33. Ba2 Nd3 34. Bc4 Nc5 35. Kf2 Kf7 36. Ke3 h5 37. Kd2 Kf6 38. Nd4 Ke5 39. Nc6+ Kf4 40. Bb5 Bxc3+ 41. Kxc3 Nxe4+ 42. Kb4 Kg3 43. Bd3 Bf5 44. Ne7 Kxg2 45. Kxa4 Nc5+ 0-1

[Event "Asian Continental op (Women) 13th"]
[Site "Sharjah"]
[Date "2014.04.19"]
[Round "3"]
[White "Dahdal, Lougain"]
[Black "Derakhshani, Dorsa"]
[Result "0-1"]
[WhiteElo "2003"]
[BlackElo "2154"]
[PlyCount "84"]
[EventDate "2014.04.17"]
[EventType "swiss"]
[EventRounds "9"]
[EventCountry "UAE"]
[SourceTitle "CBM 160 Extra"]
[Source "ChessBase"]
[SourceDate "2014.07.01"]
[SourceVersion "1"]
[SourceVersionDate "2014.07.01"]
[SourceQuality "1"]

1. d4 Nf6 2. c4 e6 3. g3 Bb4+ 4. Nd2 Bxd2+ 5. Bxd2 d6 6. Bg2 Qe7 7. e4 e5 8. d5 a5 9. Ne2 Nbd7 10. h3 Nc5 11. Qc2 Bd7 12. Be3 b6 13. g4 0-0 14. Ng3 Rfb8 15. 0-0 b5 16. Bxc5 dxc5 17. cxb5 Bxb5 18. Rfc1 Nd7 19. Nf5 Qg5 20. Kh1 Rb6 21. Rg1 Rab8 22. Rab1 Qf4 23. Bf1 Bxf1 24. Rgxf1 Qf3+ 25. Kh2 Nf6 26. Rfe1 Kh8 27. Re3 Qf4+ 28. Kg2 h5 29. g5 Qxg5+ 30. Kh1 g6 31. Rg1 Qf4 32. Qxc5 Nxe4 33. Qe7 Qxf5 34. b3 Rf6 35. Rge1 Nxf2+ 36. Kh2 e4 37. Qxc7 Rc8 38. Qg3 Rc2 39. R1e2 Rc1 40. Kg2 Nxh3 41. Qxh3 Qf1+ 42. Kg3 Rf3+ 0-1

[Event "Asian Continental op (Women) 13th"]
[Site "Sharjah"]
[Date "2014.04.17"]
[Round "1"]
[White "Dahdal, Lougain"]
[Black "Pham, Le Thao Nguyen"]
[Result "1/2-1/2"]
[WhiteElo "2003"]
[BlackElo "2332"]
[PlyCount "44"]
[EventDate "2014.04.17"]
[EventType "swiss"]
[EventRounds "9"]
[EventCountry "UAE"]
[SourceTitle "CBM 160 Extra"]
[Source "ChessBase"]
[SourceDate "2014.07.01"]
[SourceVersion "1"]
[SourceVersionDate "2014.07.01"]
[SourceQuality "1"]

1. d4 d5 2. c4 c6 3. e3 Bf5 4. Qb3 Qc7 5. Nc3 e6 6. Nf3 h6 7. Bd2 Nd7 8. cxd5 exd5 9. Rc1 Qb6 10. Na4 Qxb3 11. axb3 Ngf6 12. b4 a6 13. Nc5 Rb8 14. Be2 Be7 15. 0-0 0-0 16. Be1 Rfe8 17. Nd2 Nf8 18. Ndb3 Ne6 19. Nd3 Bd6 20. Bc3 Nc7 21. Rfd1 Bg4 22. Bxg4 Nxg4 1/2-1/2

[Event "Al Ain op 2nd"]
[Site "Al Ain"]
[Date "2013.12.27"]
[Round "8"]
[White "Dahdal, Lougain"]
[Black "Kalinina, Larisa"]
[Result "1-0"]
[WhiteElo "2002"]
[BlackElo "2155"]
[PlyCount "78"]
[EventDate "2013.12.19"]
[EventType "swiss"]
[EventRounds "9"]
[EventCountry "UAE"]
[SourceTitle "CBM 158 Extra"]
[Source "ChessBase"]
[SourceDate "2014.02.28"]
[SourceVersion "1"]
[SourceVersionDate "2014.02.28"]
[SourceQuality "1"]

1. d4 Nf6 2. c4 d6 3. Nc3 g6 4. e4 Nbd7 5. Bd3 e5 6. d5 Nc5 7. Bc2 a5 8. Nge2 Bg7 9. 0-0 0-0 10. Rb1 Nh5 11. a3 f5 12. exf5 gxf5 13. b4 axb4 14. axb4 Nd7 15. f4 e4 16. Be3 Ndf6 17. h3 Qe7 18. c5 Bd7 19. cxd6 cxd6 20. Nd4 Kh8 21. Bb3 Rg8 22. Ne6 Ng3 23. Rf2 Bxe6 24. dxe6 Ng4 25. hxg4 Bxc3 26. Bd4+ Bxd4 27. Qxd4+ Rg7 28. g5 Kg8 29. Qe3 Nh5 30. Qh3 Qe8 31. Qxf5 e3 32. Rf3 e2 33. Qd3 Qg6 34. Qxg6 Rxg6 35. g4 Nxf4 36. Rxf4 Rxg5 37. Kf2 Re5 38. Re1 Ra3 39. e7+ Rxb3 1-0

[Event "Al Ain op 2nd"]
[Site "Al Ain"]
[Date "2013.12.26"]
[Round "7"]
[White "Safarov, Zirva"]
[Black "Dahdal, Lougain"]
[Result "1-0"]
[WhiteElo "2120"]
[BlackElo "2002"]
[PlyCount "137"]
[EventDate "2013.12.19"]
[EventType "swiss"]
[EventRounds "9"]
[EventCountry "UAE"]
[SourceTitle "CBM 158 Extra"]
[Source "ChessBase"]
[SourceDate "2014.02.28"]
[SourceVersion "1"]
[SourceVersionDate "2014.02.28"]
[SourceQuality "1"]

1. d4 Nf6 2. c4 d6 3. g3 Nbd7 4. Bg2 e5 5. dxe5 dxe5 6. Nc3 c6 7. Nf3 Be7 8. 0-0 0-0 9. b3 Qc7 10. Bb2 Ng4 11. h3 Nh6 12. e4 f6 13. Qe2 Nc5 14. b4 Ne6 15. b5 Nf7 16. h4 Nd4 17. Nxd4 exd4 18. Nb1 c5 19. Nd2 Ne5 20. Rfd1 Be6 21. Rdc1 Rae8 22. f4 Nf7 23. a4 Bd6 24. Ra3 Nh6 25. Nf1 Ng4 26. Qf3 h5 27. a5 g5 28. b6 axb6 29. axb6 Qxb6 30. Rb3 Qa6 31. Nd2 Bc8 32. Ra1 Qc6 33. Bc1 Qc7 34. Nf1 Re7 35. Rab1 Rg7 36. Rb6 gxf4 37. gxf4 Qd7 38. Ng3 Bc7 39. R6b5 b6 40. Nxh5 Rh7 41. f5 Ne5 42. Qd1 Qe8 43. Nf4 Bd7 44. Nd5 Bd8 45. R5b3 Nxc4 46. Rg3+ Kh8 47. Rg6 Ne5 48. h5 Ba4 49. Qe1 Rg8 50. Nf4 Bd7 51. Rb3 Nxg6 52. hxg6 Bxf5 53. gxh7 Bxh7 54. Rh3 f5 55. e5 Rg4 56. Kh1 Bg5 57. e6 Kg8 58. Nh5 Be7 59. Bf3 Rg6 60. Nf4 Rg7 61. Qe5 Qb5 62. Qe1 c4 63. Nd5 d3 64. Bh6 d2 65. Bxd2 Bc5 66. e7 Bg6 67. Nf6+ Kf7 68. Bd5+ Kxf6 69. Qe6# 1-0

[Event "Al Ain op 2nd"]
[Site "Al Ain"]
[Date "2013.12.24"]
[Round "6"]
[White "Dahdal, Lougain"]
[Black "Andrenko, Irina"]
[Result "0-1"]
[WhiteElo "2002"]
[BlackElo "2211"]
[PlyCount "50"]
[EventDate "2013.12.19"]
[EventType "swiss"]
[EventRounds "9"]
[EventCountry "UAE"]
[SourceTitle "CBM 158 Extra"]
[Source "ChessBase"]
[SourceDate "2014.02.28"]
[SourceVersion "1"]
[SourceVersionDate "2014.02.28"]
[SourceQuality "1"]

1. d4 Nf6 2. c4 g6 3. Nc3 Bg7 4. e4 d6 5. Bd3 0-0 6. Nge2 Nc6 7. 0-0 Nh5 8. Bc2 e5 9. d5 Ne7 10. Rb1 f5 11. exf5 gxf5 12. f4 Ng6 13. fxe5 dxe5 14. c5 Kh8 15. Be3 f4 16. Bf2 f3 17. gxf3 Rxf3 18. Ng3 Bg4 19. Nxh5 Bxh5 20. Qd2 Nf4 21. Be3 Nh3+ 22. Kg2 Qh4 23. Ne4 Rg8 24. Ng3 Bh6 25. Qc3 Rfxg3+ 0-1

[Event "Arab-ch (Women)"]
[Site "Abu Dhabi"]
[Date "2013.12.14"]
[Round "8"]
[White "Mona, Khaled"]
[Black "Dahdal, Lougain"]
[Result "1-0"]
[WhiteElo "2084"]
[BlackElo "2002"]
[PlyCount "91"]
[EventDate "2013.12.08"]
[EventType "swiss"]
[EventRounds "9"]
[EventCountry "UAE"]
[SourceTitle "CBM 157 Extra"]
[Source "ChessBase"]
[SourceDate "2013.12.19"]
[SourceVersion "1"]
[SourceVersionDate "2013.12.19"]
[SourceQuality "1"]

1. d4 Nf6 2. e3 d6 3. Bd3 Nbd7 4. c4 e5 5. Nc3 Be7 6. Nge2 0-0 7. 0-0 Re8 8. b4 a5 9. b5 Bf8 10. Qb3 g6 11. a4 Bg7 12. Rd1 Ng4 13. h3 Ngf6 14. Ba3 e4 15. Bc2 Nf8 16. Ng3 Bf5 17. Rac1 h5 18. Qb1 Qe7 19. b6 c6 20. d5 c5 21. Nb5 h4 22. Nxf5 gxf5 23. Nc7 Nh5 24. Nxe8 Rxe8 25. Re1 Qg5 26. Bd1 f4 27. Bxh5 f3 28. Bg4 f5 29. gxf3 fxg4 30. fxg4 Ng6 31. Qc2 Qf6 32. f4 exf3 33. Qf5 Qxf5 34. gxf5 Ne5 35. Red1 Bh6 36. Kf2 Kf7 37. Bb2 Nd7 38. Re1 Nxb6 39. Kxf3 Rg8 40. Rg1 Rxg1 41. Rxg1 Nxc4 42. Bc3 b6 43. e4 Ne3 44. Rg6 Nd1 45. Bh8 Bf8 46. Rg1 1-0

[Event "Arab-ch (Women)"]
[Site "Abu Dhabi"]
[Date "2013.12.09"]
[Round "2"]
[White "Zhu, Chen"]
[Black "Dahdal, Lougain"]
[Result "1-0"]
[WhiteElo "2479"]
[BlackElo "2002"]
[PlyCount "55"]
[EventDate "2013.12.08"]
[EventType "swiss"]
[EventRounds "9"]
[EventCountry "UAE"]
[SourceTitle "CBM 157 Extra"]
[Source "ChessBase"]
[SourceDate "2013.12.19"]
[SourceVersion "1"]
[SourceVersionDate "2013.12.19"]
[SourceQuality "1"]

1. d4 Nf6 2. c4 e6 3. Nf3 d5 4. Nc3 c6 5. e3 Bd6 6. b3 Nbd7 7. Be2 0-0 8. 0-0 dxc4 9. bxc4 e5 10. Qc2 Qe7 11. Rd1 Re8 12. a4 e4 13. Nd2 Nf8 14. c5 Bxh2+ 15. Kxh2 Ng4+ 16. Bxg4 Bxg4 17. Rh1 Bf5 18. Nc4 Qg5 19. Nd6 Ng6 20. Kg1 h5 21. Nxf5 Qxf5 22. f3 h4 23. fxe4 Qg4 24. Bd2 Re6 25. Rf1 h3 26. Rxh3 Nh4 27. Be1 g5 28. Bxh4 1-0

[Event "Asia zt 3.1 (Women)"]
[Site "Doha"]
[Date "2013.05.09"]
[Round "6"]
[White "Ghader Pour, Shayesteh"]
[Black "Dahdal, Lougain"]
[Result "1-0"]
[WhiteElo "2242"]
[BlackElo "1972"]
[PlyCount "89"]
[EventDate "2013.05.04"]
[EventType "tourn"]
[EventRounds "9"]
[EventCountry "QAT"]
[SourceTitle "CBM 154 Extra"]
[Source "ChessBase"]
[SourceDate "2013.06.25"]
[SourceVersion "2"]
[SourceVersionDate "2013.06.25"]
[SourceQuality "1"]

1. e4 c5 2. Nf3 Nc6 3. Bb5 d6 4. 0-0 Bd7 5. Re1 Nf6 6. Nc3 a6 7. Bxc6 Bxc6 8. d4 cxd4 9. Nxd4 e5 10. Nxc6 bxc6 11. Bg5 Be7 12. Qd3 0-0 13. Bxf6 Bxf6 14. Red1 Be7 15. Na4 g6 16. b3 Kg7 17. c4 f5 18. Rac1 fxe4 19. Qxe4 Qc7 20. Rc2 Rf4 21. Qe1 Raf8 22. Nc3 R8f7 23. Ne4 Qb8 24. Rcd2 Qb4 25. Re2 Qb8 26. Qc3 Qf8 27. Qe3 Rg4 28. Red2 Rf5 29. h3 Rh4 30. Nxd6 Rfh5 31. Ne4 g5 32. Ng3 Rh6 33. Qxe5+ Kg8 34. Nf5 Bf6 35. Qe6+ Kh8 36. Nxh6 Rxh6 37. Rd7 Bd4 38. Qf7 Qxf7 39. Rxf7 c5 40. Re1 Kg8 41. Ra7 Kf8 42. Ree7 Rf6 43. Reb7 Bxf2+ 44. Kh1 Re6 45. Rf7+ 1-0

[Event "Asia zt 3.1 (Women)"]
[Site "Doha"]
[Date "2013.05.08"]
[Round "5"]
[White "Dahdal, Lougain"]
[Black "Al Khelaifi, Salama"]
[Result "1-0"]
[WhiteElo "1972"]
[BlackElo "1810"]
[PlyCount "177"]
[EventDate "2013.05.04"]
[EventType "tourn"]
[EventRounds "9"]
[EventCountry "QAT"]
[SourceTitle "CBM 154 Extra"]
[Source "ChessBase"]
[SourceDate "2013.06.25"]
[SourceVersion "2"]
[SourceVersionDate "2013.06.25"]
[SourceQuality "1"]

1. d4 d5 2. c4 e5 3. dxe5 d4 4. Nf3 Nc6 5. Nbd2 Bg4 6. Nb3 Qd7 7. Nbxd4 0-0-0 8. e3 Bxf3 9. gxf3 Bb4+ 10. Bd2 Bxd2+ 11. Qxd2 Nxe5 12. Bg2 c5 13. Nb3 Qxd2+ 14. Nxd2 Nd3+ 15. Ke2 Nf6 16. b3 Nxf2 17. Rhf1 Nd3 18. Rad1 Rhe8 19. Ne4 Nxe4 20. Rxd3 Rxd3 21. Kxd3 Nf6 22. Bh3+ Kc7 23. Rg1 g6 24. Rd1 Rd8+ 25. Ke2 Rxd1 26. Kxd1 Kd6 27. Kd2 b6 28. Kd3 Ne8 29. Ke4 Nc7 30. Kf4 h6 31. Bc8 Ne8 32. Bb7 Ng7 33. h4 f5 34. Kg3 Nh5+ 35. Kf2 Ke5 36. f4+ Ke6 37. Bd5+ Ke7 38. Bf3 Nf6 39. Kg3 Ke6 40. h5 gxh5 41. Kh4 Ng4 42. Kxh5 Nxe3 43. Kxh6 Kf6 44. Kh5 Nc2 45. Kh4 Nb4 46. a4 Nc2 47. Kg3 Nd4 48. Bd1 Kg6 49. Kh4 Ne6 50. Kg3 Ng7 51. Kh4 Kf6 52. Kg3 Ne6 53. Be2 Nd4 54. Bd1 Ke6 55. Kf2 Kd6 56. Ke3 Kc7 57. b4 Kd6 58. b5 Ke6 59. Kf2 Kf6 60. Kg3 Kg6 61. Kh4 Ne6 62. Kg3 Ng7 63. Kh4 Kf6 64. Kg3 Ne8 65. Kf3 Nd6 66. Be2 Ne4 67. Bd3 Nc3 68. Bc2 Kg6 69. Ke3 Kf6 70. Kf3 Kg6 71. Ke3 Kf6 72. Kf3 Na2 73. Ke3 Nc3 74. Kf3 Na2 75. Ke3 Nb4 76. Bb1 a6 77. Kf3 a5 78. Kg3 Kg6 79. Kh4 Kf6 80. Kh5 Ke6 81. Kg6 Ke7 82. Kxf5 Kf7 83. Ke5 Ke7 84. f5 Kd7 85. Kf6 Ke8 86. Kg7 Nd5 87. cxd5 c4 88. f6 c3 89. f7+ 1-0

[Event "Olympiad Women-40"]
[Site "Istanbul"]
[Date "2012.09.04"]
[Round "7.1"]
[White "Dahdal, Lougain"]
[Black "Colombo, Camila"]
[Result "0-1"]
[WhiteElo "1923"]
[BlackElo "2095"]
[PlyCount "68"]
[EventDate "2012.08.28"]
[EventType "team-swiss"]
[EventRounds "11"]
[EventCountry "TUR"]
[SourceTitle "CBM 150 Extra"]
[Source "ChessBase"]
[SourceDate "2012.10.19"]
[SourceVersion "1"]
[SourceVersionDate "2012.10.19"]
[SourceQuality "1"]
[WhiteTeam "Jordan (W)"]
[BlackTeam "Uruguay (W)"]
[WhiteTeamCountry "JOR"]
[BlackTeamCountry "URU"]

1. d4 Nf6 2. c4 g6 3. Nc3 Bg7 4. e4 d6 5. Bd3 Nc6 6. Nge2 e5 7. d5 Nd4 8. Nxd4 exd4 9. Ne2 Nd7 10. 0-0 c5 11. f4 0-0 12. Ng3 a6 13. e5 dxe5 14. f5 b5 15. b3 Qb6 16. Ne4 Nf6 17. Nxf6+ Bxf6 18. Bh6 gxf5 19. Bxf5 Bg7 20. Bxg7 Kxg7 21. Qg4+ Kh8 22. Bxc8 Raxc8 23. Rxf7 Rxf7 24. Qxc8+ Kg7 25. Qg4+ Qg6 26. Qxg6+ hxg6 27. Rf1 Rb7 28. g4 bxc4 29. bxc4 e4 30. g5 d3 31. Kf2 Rf7+ 32. Kg2 d2 33. Rb1 e3 34. d6 e2 0-1

[Event "Arab-ch (Women)"]
[Site "Bizerte"]
[Date "2012.07.06"]
[Round "6"]
[White "Dahdal, Lougain"]
[Black "Mezioud, Amina"]
[Result "0-1"]
[WhiteElo "1890"]
[BlackElo "2053"]
[PlyCount "68"]
[EventDate "2012.07.03"]
[EventType "swiss"]
[EventRounds "9"]
[EventCountry "TUN"]
[SourceTitle "EXT 2013"]
[Source "ChessBase"]
[SourceDate "2012.11.22"]
[SourceVersion "1"]
[SourceVersionDate "2012.11.22"]
[SourceQuality "1"]

1. d4 Nf6 2. c4 g6 3. Nc3 Bg7 4. e4 d6 5. Bd3 e5 6. d5 0-0 7. Nge2 a5 8. 0-0 Na6 9. a3 Nc5 10. Bc2 Ng4 11. f3 Nh6 12. Rb1 f5 13. b4 Nd7 14. exf5 gxf5 15. Bd2 axb4 16. axb4 Nf6 17. Ng3 f4 18. Nge4 Nxe4 19. Bxe4 Kh8 20. c5 Nf5 21. Bxf5 Bxf5 22. Ra1 Rxa1 23. Qxa1 Rg8 24. c6 b6 25. Ne4 Qe8 26. Qa7 Qg6 27. Qxc7 Bf6 28. Rf2 Bxe4 29. fxe4 Bh4 30. Qxb6 Bxf2+ 31. Qxf2 Qxe4 32. Bxf4 exf4 33. Qb2+ Rg7 34. c7 Qe1# 0-1

[Event "Arab Games (Women)"]
[Site "Doha"]
[Date "2011.12.19"]
[Round "6"]
[White "Ibraheem, Delbak Ismael"]
[Black "Dahdal, Lougain"]
[Result "0-1"]
[WhiteElo "1919"]
[BlackElo "1828"]
[PlyCount "70"]
[EventDate "2011.12.13"]
[EventType "team-swiss"]
[EventRounds "9"]
[EventCountry "QAT"]
[SourceTitle "CBM 145 Extra"]
[Source "ChessBase"]
[SourceDate "2012.01.03"]
[SourceVersion "1"]
[SourceVersionDate "2012.01.03"]
[SourceQuality "1"]
[WhiteTeam "Iraq (W)"]
[BlackTeam "Jordan (W)"]
[WhiteTeamCountry "IRQ"]
[BlackTeamCountry "JOR"]

1. e4 c5 2. Nf3 Nc6 3. d3 g6 4. g3 Bg7 5. Bg2 d6 6. c3 e5 7. Bg5 Qb6 8. Qd2 Nge7 9. Na3 Be6 10. 0-0 0-0 11. Bh6 Rad8 12. Nc4 Qc7 13. Bxg7 Kxg7 14. Rfe1 b5 15. Ne3 f6 16. Qc2 Qb6 17. Rad1 b4 18. c4 Bf7 19. Bh3 Rfe8 20. Nd5 Nxd5 21. exd5 Ne7 22. Re3 g5 23. Rde1 h5 24. g4 Rh8 25. Nd2 Ng6 26. gxh5 Nf4 27. Bg4 Bxh5 28. h3 Bxg4 29. hxg4 Rh4 30. Ne4 Rdh8 31. Ng3 Rxg4 32. Qa4 Qb7 33. Kf1 Kg6 34. Qc6 Qh7 35. Rc1 Qh1+ 0-1

[Event "Olympiad Women-39"]
[Site "Khanty-Mansiysk"]
[Date "2010.09.27"]
[Round "6.41"]
[White "Maroroa, Sue Yuchan"]
[Black "Dahdal, Lougain"]
[Result "1-0"]
[WhiteElo "1981"]
[BlackElo "1885"]
[PlyCount "169"]
[EventDate "2010.09.21"]
[EventType "team-swiss"]
[EventRounds "11"]
[EventCountry "RUS"]
[SourceTitle "CBM 139"]
[Source "ChessBase"]
[SourceDate "2010.11.18"]
[SourceVersion "1"]
[SourceVersionDate "2010.11.18"]
[SourceQuality "1"]
[WhiteTeam "New Zealand (W)"]
[BlackTeam "Jordan (W)"]
[WhiteTeamCountry "NZL"]
[BlackTeamCountry "JOR"]

1. e4 c5 2. Nc3 e6 3. f4 d5 4. Nf3 dxe4 5. Nxe4 Nf6 6. d3 b6 7. Be2 Bb7 8. Ng3 Nc6 9. 0-0 Nd4 10. Nxd4 Qxd4+ 11. Kh1 Be7 12. Bf3 Bxf3 13. Qxf3 0-0 14. Ne4 c4 15. Nxf6+ Bxf6 16. Qe4 cxd3 17. Qxd4 Bxd4 18. Rd1 Rfd8 19. cxd3 Rac8 20. Rb1 Rc2 21. Bd2 Bxb2 22. Be3 Rdc8 23. Kg1 Ba3 24. Ra1 Re2 25. Re1 Rxe1+ 26. Rxe1 Rc2 27. Ra1 h5 28. Kf1 g6 29. h3 Kf8 30. Rb1 Rxa2 31. Rb3 Ra1+ 32. Ke2 Bc1 33. Bd4 Ra2+ 34. Kf3 Rc2 35. Rb4 Bd2 36. Ra4 Ba5 37. Bf6 Ke8 38. g4 hxg4+ 39. hxg4 Rc5 40. Ke4 Kd7 41. Rd4+ Rd5 42. Ra4 Kc6 43. Bd4 Kb7 44. Be5 Rb5 45. Ra2 Rc5 46. Rh2 Bc3 47. d4 Rd5 48. Rc2 f5+ 49. gxf5 gxf5+ 50. Ke3 Bb4 51. Rc7+ Ka6 52. Rc6 Kb5 53. Rxe6 Rd7 54. Rf6 a5 55. Rxf5 a4 56. Kd3 a3 57. Kc2 Kc4 58. Rf6 Ra7 59. Rc6+ Kd5 60. Rc7 Ra6 61. Kb1 Bd6 62. Rc3 b5 63. Ka2 b4 64. Rc2 Be7 65. Kb3 Ke4 66. Re2+ Kd3 67. Rc2 Bh4 68. d5 Be7 69. Rc7 a2 70. Rxe7 a1Q 71. Bxa1 Rxa1 72. Kxb4 Kd4 73. d6 Rb1+ 74. Ka3 Rb8 75. d7 Rd8 76. Re1 Kc3 77. Rc1+ Kd2 78. Rc7 Ke3 79. f5 Ke4 80. Kb4 Kxf5 81. Kc5 Ke6 82. Kc6 Ke7 83. Ra7 Ke6 84. Ra2 Rh8 85. Re2+ 1-0

[Event "Olympiad Women-39"]
[Site "Khanty-Mansiysk"]
[Date "2010.09.24"]
[Round "4.32"]
[White "Dahdal, Lougain"]
[Black "Smith, Lynda"]
[Result "1/2-1/2"]
[WhiteElo "1885"]
[BlackElo "1999"]
[PlyCount "31"]
[EventDate "2010.09.21"]
[EventType "team-swiss"]
[EventRounds "11"]
[EventCountry "RUS"]
[SourceTitle "CBM 139"]
[Source "ChessBase"]
[SourceDate "2010.11.18"]
[SourceVersion "1"]
[SourceVersionDate "2010.11.18"]
[SourceQuality "1"]
[WhiteTeam "Jordan (W)"]
[BlackTeam "Wales (W)"]
[WhiteTeamCountry "JOR"]
[BlackTeamCountry "WLS"]

1. d4 f5 2. Nc3 Nf6 3. Bg5 e6 4. e4 h6 5. Bxf6 Qxf6 6. Nf3 Bb4 7. exf5 exf5 8. Qd2 0-0 9. Bc4+ Kh8 10. 0-0 d6 11. Nd5 Bxd2 12. Nxf6 Rxf6 13. Nxd2 Nc6 14. c3 Bd7 15. Rfe1 g5 16. Re2 1/2-1/2

[Event "Olympiad Women-39"]
[Site "Khanty-Mansiysk"]
[Date "2010.09.21"]
[Round "1.19"]
[White "Sikorova, Olga"]
[Black "Dahdal, Lougain"]
[Result "1-0"]
[WhiteElo "2290"]
[BlackElo "1885"]
[PlyCount "69"]
[EventDate "2010.09.21"]
[EventType "team-swiss"]
[EventRounds "11"]
[EventCountry "RUS"]
[SourceTitle "CBM 139"]
[Source "ChessBase"]
[SourceDate "2010.11.18"]
[SourceVersion "1"]
[SourceVersionDate "2010.11.18"]
[SourceQuality "1"]
[WhiteTeam "Czech Republic (W)"]
[BlackTeam "Jordan (W)"]
[WhiteTeamCountry "CZE"]
[BlackTeamCountry "JOR"]

1. f4 Nf6 2. b3 g6 3. Bb2 Bg7 4. Nf3 d6 5. e4 0-0 6. e5 Nd5 7. g3 Bf5 8. a3 Nc6 9. c4 Nb6 10. d4 dxe5 11. fxe5 Bg4 12. Nbd2 Qd7 13. h3 Bxf3 14. Nxf3 e6 15. Bg2 Ne7 16. 0-0 Nf5 17. Qe1 Qe7 18. g4 Nh6 19. a4 f5 20. Ba3 Qd7 21. g5 Nf7 22. Bxf8 Rxf8 23. h4 Qe7 24. a5 Nd7 25. b4 h6 26. Qd2 Rd8 27. Qf4 Qxb4 28. Rab1 Qxc4 29. Rxb7 c5 30. Rc1 Qa6 31. Rbb1 cxd4 32. Nxd4 Bxe5 33. Qf2 hxg5 34. Nc6 Rf8 35. Bf1 1-0

[Event "Arab-ch U20 Girls 09"]
[Site "Tripoli"]
[Date "2010.01.30"]
[Round "3.3"]
[White "Dahdal, Lougain"]
[Black "Saleh, Nora Mohd"]
[Result "1/2-1/2"]
[WhiteElo "1839"]
[BlackElo "1899"]
[PlyCount "104"]
[EventDate "2010.01.28"]
[EventType "tourn"]
[EventRounds "7"]
[EventCountry "LBY"]
[SourceTitle "EXT 2024"]
[Source "ChessBase"]
[SourceDate "2023.10.10"]
[SourceVersion "1"]
[SourceVersionDate "2023.10.10"]
[SourceQuality "1"]

1. Nf3 d5 2. b3 Nf6 3. Bb2 c6 4. e3 Bg4 5. h3 Bh5 6. d4 e6 7. Bd3 Bd6 8. 0-0 Nbd7 9. Be2 0-0 10. Nbd2 Qe7 11. Ne5 Bxe2 12. Qxe2 Rac8 13. c4 Ne4 14. Nxe4 dxe4 15. Nxd7 Qxd7 16. Rfd1 Rcd8 17. Qc2 f5 18. Kh1 Bb8 19. Rg1 Rf6 20. f4 exf3 21. gxf3 Qf7 22. f4 Rg6 23. Qf2 Rd7 24. Rg3 Bd6 25. Rag1 Rxg3 26. Qxg3 Bf8 27. Qh2 Qe7 28. Qe2 Qh4 29. Qf3 Rf7 30. Qg3 Qd8 31. Bc3 Qb6 32. Qe1 Qa6 33. Qe2 b5 34. c5 Qc8 35. Qg2 Qd8 36. Qxc6 Qd5+ 37. Qxd5 exd5 38. Rc1 Rc7 39. Ba5 Rc6 40. Kg2 Be7 41. Be1 Bd8 42. Rc2 Kf7 43. Kf3 Ke6 44. Rb2 a6 45. Rg2 Kf7 46. h4 h5 47. Ke2 g6 48. Kd3 Ke8 49. Kc2 Kd7 50. Kb1 Kc8 51. Kb2 Kb7 52. Kc2 Kc8 1/2-1/2

[Event "Arab-ch U20 Girls 09"]
[Site "Tripoli"]
[Date "2010.01.29"]
[Round "2.2"]
[White "El Yazji, Mada"]
[Black "Dahdal, Lougain"]
[Result "1/2-1/2"]
[WhiteElo "1700"]
[BlackElo "1839"]
[PlyCount "68"]
[EventDate "2010.01.28"]
[EventType "tourn"]
[EventRounds "7"]
[EventCountry "LBY"]
[SourceTitle "EXT 2024"]
[Source "ChessBase"]
[SourceDate "2023.10.10"]
[SourceVersion "1"]
[SourceVersionDate "2023.10.10"]
[SourceQuality "1"]

1. e4 c5 2. Nf3 d6 3. d4 cxd4 4. Nxd4 Nf6 5. Nc3 a6 6. Be3 e5 7. Nb3 Be7 8. Be2 Be6 9. 0-0 0-0 10. Kh1 d5 11. exd5 Nxd5 12. Nxd5 Bxd5 13. Qd2 Nc6 14. Rad1 Be6 15. a3 Qc7 16. Bd3 Rad8 17. Qe2 f5 18. Bc4 Bxc4 19. Qxc4+ Kh8 20. f3 b5 21. Qe2 Bf6 22. c3 Rxd1 23. Rxd1 Rd8 24. Nc5 Rxd1+ 25. Qxd1 Nb8 26. Qd5 Qd8 27. Qxd8+ Bxd8 28. Kg1 Kg8 29. Ne6 Be7 30. Nc7 Bd6 31. Ne8 Be7 32. Nc7 Kf7 33. Ba7 Nc6 34. Be3 Nb8 1/2-1/2